| 000 | 00621nam a2200217 a 4500 | ||
|---|---|---|---|
| 005 | 20210223133221.0 | ||
| 008 | 170314s1993 mx r 000 0 spa d | ||
| 020 | _a9682954282 | ||
| 035 | _aUPN01000216752 | ||
| 049 | _aF | ||
| 050 | 4 |
_aPM3968.65 _bE8 C3.2 |
|
| 100 | 1 |
_aCan Pat, Gerardo _937598 |
|
| 245 | 1 | 0 |
_aCantos del corázon / _cGerardo Can Pat. |
| 260 |
_aMéxico : _bInstituto Nacional Indigenista : _bSEDESOL, _c1993. |
||
| 300 | _a43 p. | ||
| 440 | 0 |
_aLetras mayas contemporáneas ; _v2 |
|
| 650 | 4 |
_aPOESIA MAYA _926294 |
|
| 650 | 4 |
_aFOLKLORE - _zYUCATAN _920884 |
|
| 905 | _aLibro | ||
| 999 |
_c188852 _d188852 |
||